|
|
|
|
| LEADER |
00000nam0a2200000 4500 |
| 001 |
94618 |
| 005 |
20231031105718.0 |
| 035 |
|
|
|a (RuTPU)RU\TPU\book\101357
|
| 035 |
|
|
|a RU\TPU\book\63263
|
| 090 |
|
|
|a 94618
|
| 100 |
|
|
|a 20060413d1977 m y0rusy50 ca
|
| 101 |
0 |
|
|a rus
|
| 102 |
|
|
|a RU
|
| 105 |
|
|
|a a j 000zy
|
| 200 |
1 |
|
|a Немые кинематические схемы металлорежущих станков
|e учебное пособие
|f А. М. Кучер
|
| 210 |
|
|
|a Ленинград
|c Машиностроение
|d 1977
|
| 215 |
|
|
|a 136 с.
|c ил.
|e схемы
|
| 610 |
1 |
|
|a металлорежущие станки
|
| 610 |
1 |
|
|a схемы
|
| 610 |
1 |
|
|a кинематические схемы
|
| 610 |
1 |
|
|a электрофизическая обработка
|
| 610 |
1 |
|
|a гидравлические схемы
|
| 610 |
1 |
|
|a условные обозначения
|
| 610 |
1 |
|
|a типовые механизмы
|
| 610 |
1 |
|
|a методические указания
|
| 610 |
1 |
|
|a классификации
|
| 610 |
1 |
|
|a учебные пособия
|
| 610 |
1 |
|
|a немые схемы
|
| 675 |
|
|
|a 621.91
|v 3
|
| 700 |
|
1 |
|a Кучер
|b А. М.
|g Александр Михайлович
|
| 801 |
|
1 |
|a RU
|b 63413507
|c 20040127
|g PSBO
|
| 801 |
|
2 |
|a RU
|b 63413507
|c 20060413
|g PSBO
|
| 942 |
|
|
|c BK
|